[Event "AUT-ch U14"]
[Site "St Veit"]
[Date "2019.06.11"]
[Round "7.10"]
[White "Radman, Fernando"]
[Black "Pribozic, Manuel"]
[Result "1/2-1/2"]
[WhiteElo "990"]
[BlackElo "1505"]
[PlyCount "60"]
[EventDate "2019.06.08"]
[EventType "swiss"]
[EventRounds "7"]
[EventCountry "AUT"]
[SourceTitle "EXT 2024"]
[Source "ChessBase"]
[SourceDate "2023.10.10"]
[SourceVersion "1"]
[SourceVersionDate "2023.10.10"]
[SourceQuality "1"]

1. e4 e5 2. d4 exd4 3. c3 d5 4. exd5 Qxd5 5. cxd4 Nc6 6. Nf3 Bg4 7. Be2 Bxf3 8. Bxf3 Qc4 9. Qb3 Qxb3 10. axb3 a6 11. Be3 Nf6 12. Bxc6+ bxc6 13. 0-0 Bd6 14. Nd2 Nd5 15. Rfc1 Kd7 16. Ne4 Rhe8 17. Nxd6 cxd6 18. Bd2 Re2 19. Bc3 Kc7 20. Kf1 Ree8 21. Ba5+ Kb7 22. g3 Rec8 23. b4 Ka7 24. Rc4 Kb7 25. Rac1 Nf6 26. f3 Nd5 27. Kf2 g6 28. h4 h6 29. R4c2 h5 30. Re1 Re8 1/2-1/2

[Event "AUT-ch U14"]
[Site "St Veit"]
[Date "2019.06.10"]
[Round "6.12"]
[White "Wang, Bowen1111"]
[Black "Radman, Fernando"]
[Result "0-1"]
[WhiteElo "1142"]
[BlackElo "990"]
[PlyCount "109"]
[EventDate "2019.06.08"]
[EventType "swiss"]
[EventRounds "7"]
[EventCountry "AUT"]
[SourceTitle "EXT 2024"]
[Source "ChessBase"]
[SourceDate "2023.10.10"]
[SourceVersion "1"]
[SourceVersionDate "2023.10.10"]
[SourceQuality "1"]

1. e4 c6 2. d4 d5 3. exd5 cxd5 4. Bd3 Nc6 5. c3 Nf6 6. Nf3 Bg4 7. Bf4 e6 8. Nbd2 Bd6 9. Bxd6 Qxd6 10. h3 Bh5 11. Qc2 0-0-0 12. 0-0-0 Kb8 13. g4 Bg6 14. Ng5 Bxd3 15. Qxd3 Qc7 16. Kb1 h6 17. Ngf3 Qf4 18. Rde1 g5 19. a3 h5 20. Rhg1 hxg4 21. hxg4 Nxg4 22. Qe2 Qf5+ 23. Ka1 Rdg8 24. Nb3 Nf6 25. Ne5 Nxe5 26. dxe5 Nd7 27. Nd4 Qg6 28. Qb5 Nb6 29. a4 Rc8 30. a5 a6 31. Qxb6 Rh2 32. Rh1 Rxh1 33. Rxh1 Qg7 34. Nf3 g4 35. Rg1 Qg6 36. Nh2 Qe4 37. Qd6+ Ka8 38. Nxg4 Rg8 39. Rf1 Qxg4 40. f4 Qg2 41. Rd1 Qc2 42. Rb1 Qa4+ 43. Qa3 Qxa3+ 44. bxa3 Rg3 45. Rb3 Rf3 46. Kb2 Rxf4 47. Rb4 Rf5 48. Kc2 Rxe5 49. Kd3 f5 50. Kd4 Re4+ 51. Kd3 Rxb4 52. axb4 Kb8 53. Kd4 f4 54. c4 e5+ 55. Kxe5 0-1

[Event "AUT-ch U14"]
[Site "St Veit"]
[Date "2019.06.09"]
[Round "4.13"]
[White "Wolf, Julian"]
[Black "Radman, Fernando"]
[Result "1-0"]
[WhiteElo "1529"]
[BlackElo "990"]
[PlyCount "96"]
[EventDate "2019.06.08"]
[EventType "swiss"]
[EventRounds "7"]
[EventCountry "AUT"]
[SourceTitle "EXT 2024"]
[Source "ChessBase"]
[SourceDate "2023.10.10"]
[SourceVersion "1"]
[SourceVersionDate "2023.10.10"]
[SourceQuality "1"]

1. d4 Nf6 2. Bf4 d5 3. e3 c5 4. c3 e6 5. h3 Bd6 6. Bxd6 Qxd6 7. Nf3 Nc6 8. Be2 0-0 9. 0-0 c4 10. Nbd2 Re8 11. Qc2 e5 12. dxe5 Nxe5 13. Nxe5 Qxe5 14. Nf3 Qc7 15. Rfd1 b5 16. Nd4 Rb8 17. Bf3 b4 18. Rd2 bxc3 19. Qxc3 Be6 20. Rad1 Rec8 21. Ne2 a5 22. Nf4 Rb5 23. Nxd5 Bxd5 24. Bxd5 Nxd5 25. Rxd5 Rcb8 26. Rxb5 Rxb5 27. Qxc4 Rc5 28. Qxc5 Qxc5 29. Rd8+ Qf8 30. Rxf8+ Kxf8 31. Kf1 Ke7 32. Ke2 Kd6 33. Kd3 Kd5 34. b3 f5 35. f4 h5 36. g3 g6 37. a3 Kc5 38. e4 fxe4+ 39. Kxe4 Kd6 40. Kd4 Kc6 41. b4 axb4 42. axb4 Kb5 43. Ke5 Kxb4 44. Kf6 Kc5 45. Kxg6 h4 46. gxh4 Kd6 47. h5 Ke7 48. Kg7 Kd7 1-0